| 000 | 00750nam a2200217Ia 4500 | ||
|---|---|---|---|
| 003 | OSt | ||
| 005 | 20260309165302.0 | ||
| 008 | 220926b |||||||| |||| 00| 0 eng d | ||
| 020 | _a9780230621404 | ||
| 037 | _cGeneral Book | ||
| 040 |
_aRTL _cRTL _beng |
||
| 041 |
_2eng _aeng |
||
| 084 |
_a Y:4582.46, P9 _qRTL |
||
| 245 | 0 |
_aCivilian Jihad: nonviolent struggle, democratization, and governance in the Middle East _b |
|
| 260 |
_aNew _bYork Palgrave Mcmillan _c2009 |
||
| 300 |
_a 344 p. _bIncludes bibliographical references and index |
||
| 650 | _aSociology | ||
| 700 |
_aStephan Maria J. _eEditor _9387655 |
||
| 942 |
_h Y:4582.46, P9 _cGB _2CC |
||
| 999 |
_c703491 _d703491 |
||